00482pab a2200157 454500008004000000100002200040245007200062260000900134300001600143362001100159650003700170650004100207650003200248650001000280773003400290180718b2003 xxu||||| |||| 00| 0 eng d aBanerjee, Sumanta a`City of dreadful night': crime and punishment in colonial Calcutta c2003 ap.2045-055. a24 May aPunishment - India - West Bengal aPenal sanction - India - West Bengal aCrime - India - West Bengal aCrime aEconomic and Political Weekly